[Event "FIDE WCC 2018"]
[Site "Khanty-Mansiysk"]
[Date "2018.11.11"]
[Round "3.4"]
[White "Lagno, Kateryna"]
[Black "Pogonina, Natalija"]
[Result "1/2-1/2"]
[WhiteElo "2556"]
[BlackElo "2465"]
[Annotator "ChessBase"]
[PlyCount "87"]
[EventDate "2018.11.03"]
[EventType "k.o."]
[EventCountry "RUS"]
[SourceTitle "playchess.com"]
[Source "ChessBase"]
[SourceQuality "1"]
[TimeControl "1500+10"]

1. e4 {[%emt 0:00:00]} e5 {[%emt 0:00:00]} 2. Nf3 {[%emt 0:00:00]} Nc6 {[%emt 0:00:00]} 3. Bb5 {[%emt 0:00:00]} a6 {[%emt 0:00:00]} 4. Ba4 {[%emt 0:00:00]} Nf6 {[%emt 0:00:00]} 5. O-O {[%emt 0:00:00]} Be7 {[%emt 0:00:00]} 6. Re1 {[%emt 0:00:02]} b5 {[%emt 0:00:01]} 7. Bb3 {[%emt 0:00:02]} d6 {[%emt 0:00:03]} 8. c3 {[%emt 0:00:01]} O-O {[%emt 0:00:02]} 9. h3 {[%emt 0:00:02]} Nb8 {[%emt 0:00:02]} 10. d4 {[%emt 0:00:04]} Nbd7 {[%emt 0:00:02]} 11. Nbd2 {[%emt 0:00:03]} c5 {[%emt 0:00:05]} 12. Bc2 {[%emt 0:00:11]} cxd4 {[%emt 0:00:21]} 13. cxd4 {[%emt 0:00:02]} Bb7 {[%emt 0:00:02]} 14. d5 {[%emt 0:01:44]} a5 {[%emt 0:00:07]} 15. Bd3 {[%emt 0:00:17]} b4 {[%emt 0:02:08]} 16. a3 {[%emt 0:01:12]} Nc5 {[%emt 0:00:15]} 17. Bf1 {[%emt 0:01:01]} Nfd7 {[%emt 0:01:16]} 18. Nc4 {[%emt 0:00:30]} Nb6 {[%emt 0:03:52]} 19. axb4 {[%emt 0:01:00]} axb4 {[%emt 0:00:03]} 20. Na5 {[%emt 0:02:18]} Qc7 {[%emt 0:03:29]} 21. Bd2 {[%emt 0:00:12]} f5 {[%emt 0:00:29]} 22. Bxb4 {[%emt 0:05:02]} fxe4 {[%emt 0:01:15]} 23. Nxb7 {[%emt 0:04:10]} Rxa1 {[%emt 0:00:06]} 24. Qxa1 {[%emt 0:00:01]} exf3 {[%emt 0:01:03]} 25. Nxc5 {[%emt 0:00:28]} dxc5 {[%emt 0:00:10]} 26. Bc3 {[%emt 0:00:17]} fxg2 {[%emt 0:02:34]} 27. Bxg2 {[%emt 0:00:02]} Bd6 {[%emt 0:01:17]} 28. Qd1 {[%emt 0:01:09]} Qf7 {[%emt 0:01:02]} 29. Rf1 {[%emt 0:01:04]} Nd7 {[%emt 0:00:40]} 30. Qg4 {[%emt 0:00:15]} Re8 {[%emt 0:01:49]} 31. Re1 {[%emt 0:01:12]} Nf6 {[%emt 0:01:04]} 32. Qf5 {[%emt 0:00:02]} g6 {[%emt 0:00:05]} 33. Qf3 {[%emt 0:00:01]} Qe7 {[%emt 0:00:50]} 34. Qe2 {[%emt 0:01:57]} Nh5 {[%emt 0:00:23]} 35. Bd2 {[%emt 0:00:01]} Qf6 {[%emt 0:00:17]} 36. Qf3 {[%emt 0:00:13]} Qg7 {[%emt 0:00:34]} 37. Qg4 {[%emt 0:00:26]} Qf7 {[%emt 0:00:37]} 38. Qf3 {[%emt 0:01:51]} Nf4 {[%emt 0:00:13]} 39. Bxf4 {[%emt 0:00:16]} exf4 {[%emt 0:00:02]} 40. Re4 {[%emt 0:00:58]} Re5 {[%emt 0:00:52]} 41. Rxe5 {[%emt 0:00:38]} Bxe5 {[%emt 0:00:02]} 42. Qe2 {[%emt 0:00:06]} Qf6 {[%emt 0:00:14]} 43. b3 {[%emt 0:00:22]} Kg7 {[%emt 0:00:10]} 44. Qe4 {[%emt 0:00:50]} 1/2-1/2

[Event "FIDE WCC 2018"]
[Site "Khanty-Mansiysk"]
[Date "2018.11.11"]
[Round "3.4"]
[White "Harika, Dronavalli"]
[Black "Kosteniuk, Alexandra"]
[Result "1-0"]
[WhiteElo "2498"]
[BlackElo "2543"]
[Annotator "TA"]
[PlyCount "163"]
[EventDate "2018.11.03"]
[EventType "k.o."]
[EventCountry "RUS"]
[SourceTitle "playchess.com"]
[Source "ChessBase"]
[SourceQuality "1"]

{[%evp 13,163,20,10,4,47,42,94,92,93,65,64,58,57,45,52,50,51,55,54,48,44,42,47,45,42,33,40,44,47,37,62,39,31,39,54,48,52,50,50,25,74,10,30,33,29,27,66,62,75,81,81,76,93,90,89,89,95,58,90,20,25,0,0,0,7,0,0,0,1,0,8,0,0,0,0,0,0,0,4,0,0,-17,-11,-10,0,0,0,0,0,0,0,0,0,0,0,0,0,0,0,0,0,0,0,0,23,23,77,79,454,367,367,367,902,902,783,449,443,367,367,229,694,655,2718,2893,2627,2645,2639,2563,2766,2347,2597,1914,1066,428,3058,3084,12527,5775,29961,29962,8116,6119,29970,29972,29972,29972,29972,29970,29969,29969,29967,29968]} 1. d4 Nf6 2. c4 e6 3. g3 d5 4. Nf3 dxc4 5. Bg2 a6 6. O-O Nc6 7. Nbd2 {E04: Open Catalan: 5 Nf3} (7. e3 Rb8 8. Qe2 b5 9. b3 cxb3 10. axb3 Bd6 11. Rd1 Qe7 12. Bb2 O-O 13. Rc1 Bb7 14. Ne5 Nb4 15. Bxb7 Rxb7 {1-0 (52) So,W (2778)-Mamedyarov,S (2808) Leuven 2018}) 7... b5 {LiveBook: 4 Games} 8. b3 Rb8 (8... c3 $5 {[%cal Rc3d2]} 9. Nb1 b4 $11) 9. Bb2 {White is slightly better.} c3 $146 (9... cxb3 $14 10. Nxb3 Bb7) ({Predecessor:} 9... cxb3 10. Nxb3 Be7 11. Ne1 Bb7 12. Rc1 Na7 13. Bxb7 Rxb7 14. Qc2 Qa8 {½-½ (29) Joppich,U (2453)-Baranowski,T (2489) ICCF email 2010}) 10. Bxc3 $16 Ba3 11. Rb1 Nd5 {[%cal Bf6d5,Bd5b4,Bb4c2][%mdl 32]} 12. Ba1 O-O 13. e4 Ndb4 14. Qe2 {Strongly threatening Rbd1.} Nc2 15. Nc4 $1 N2xd4 16. Nxd4 Nxd4 17. Bxd4 bxc4 18. Rfd1 Qe7 19. Qxc4 e5 20. Bc3 Bd6 21. Rbc1 h5 22. Rd2 h4 23. Rdc2 Qg5 24. Ba5 Be6 25. Qe2 Ba3 26. Re1 Rb5 27. Qd2 ({White should play} 27. Bd2 $16 Qe7 28. Be3) 27... Qxd2 28. Bxd2 hxg3 29. hxg3 Rd8 30. Be3 c5 31. Bf1 Rb6 32. Bc4 ({Much worse is} 32. Bxc5 Rc6 $15) 32... Bxc4 33. Rxc4 Rb4 34. Rxc5 Rxe4 35. Rc7 Rd3 36. Kg2 (36. Kf1 $16) 36... f5 $11 37. Kf3 {[#] Threatens to win with Ke2.} Red4 {...f4 is the strong threat.} 38. Ke2 (38. Rc8+ {looks sharper.} Kf7 39. Kg2 Rd5 40. Rc6 Bb4 41. Rh1) 38... Rd7 39. Rc8+ Kf7 40. Rh1 Be7 41. Rc4 R3d5 42. Rhc1 a5 43. R1c2 Bb4 44. Rc7 Ke6 45. Rc8 Kf7 46. Bc1 Rd1 47. R8c7 Re1+ 48. Kf3 e4+ 49. Kg2 Rxc7 50. Rxc7+ {[%mdl 4096] Endgame KRB-KRB} Ke6 51. Be3 Re2 52. a4 Rb2 53. Rxg7 Rxb3 54. Rg6+ Kf7 55. Ra6 Rd3 56. Kh3 Rd6 57. Ra7+ Kg6 58. g4 fxg4+ 59. Kxg4 Bd2 (59... Rc6 $11) 60. Kf4 $16 Rd4 $2 {[%mdl 8192]} (60... Be1 $16) 61. Ra6+ Kf7 {[#] intending ...Bxe3+.} 62. Rxa5 $1 {[%mdl 512]} Bxe3+ $2 (62... Ke6 63. Re5+ Kf6 64. Rxe4 Rd6) (62... Bxa5 63. Bxd4) 63. fxe3 $18 {KR-KR} ({Not} 63. Kxe3 Rb4 $16) 63... Rb4 64. Rf5+ Kg6 65. a5 {[%cal Ba4a5,Ba5a6][%mdl 32]} Ra4 66. Rb5 Kf6 $2 (66... Kf7 67. Ke5 Ke7 68. Rb7+ Kd8) 67. Rb6+ Ke7 68. a6 Kd7 69. Rh6 Kc7 70. Ke5 Kb8 71. Kd5 Ka7 72. Re6 Kb8 73. Kc5 (73. Rxe4 $142 Ra5+ 74. Ke6) 73... Ka7 (73... Ra1 $142 74. Kd4 (74. Rxe4 Rxa6 75. Re7 Kc8 $14) 74... Ra4+ 75. Ke5 Kc8) 74. Kb5 Ra1 75. Rxe4 Rb1+ 76. Rb4 Ra1 77. e4 Rxa6 78. Kc5 {White mates.} Ra5+ 79. Kd6 Ra6+ 80. Kd7 Ra5 81. Ke6 Ra6+ 82. Kf5 {Precision: White = 70%, Black = 47%.} 1-0

[Event "FIDE WCC 2018"]
[Site "Khanty-Mansiysk"]
[Date "2018.11.11"]
[Round "3.4"]
[White "Gunina, Valentina"]
[Black "Tokhirjonova, Gulrukhbegim"]
[Result "0-1"]
[WhiteElo "2497"]
[BlackElo "2435"]
[Annotator "ChessBase"]
[PlyCount "106"]
[EventDate "2018.11.03"]
[EventType "k.o."]
[EventCountry "RUS"]
[SourceTitle "playchess.com"]
[Source "ChessBase"]
[SourceQuality "1"]
[TimeControl "1500+10"]

1. d4 {[%emt 0:00:00]} e6 {[%emt 0:00:00]} 2. c4 {[%emt 0:00:00]} b6 {[%emt 0:00:00]} 3. a3 {[%emt 0:00:54]} Bb7 {[%emt 0:00:00]} 4. Nc3 {[%emt 0:00:02]} Nf6 {[%emt 0:00:00]} 5. Qc2 {[%emt 0:01:19]} d5 {[%emt 0:00:12]} 6. cxd5 {[%emt 0:00:31]} Nxd5 {[%emt 0:00:07]} 7. e4 {[%emt 0:00:46]} Nxc3 {[%emt 0:00:28]} 8. bxc3 {[%emt 0:00:02]} Be7 {[%emt 0:00:33]} 9. Nf3 {[%emt 0:00:42]} O-O {[%emt 0:00:54]} 10. Bd3 {[%emt 0:00:09]} c5 {[%emt 0:00:12]} 11. h4 {[%emt 0:03:41]} cxd4 {[%emt 0:03:10]} 12. e5 {[%emt 0:01:55]} h6 {[%emt 0:00:56]} 13. Ng5 {[%emt 0:00:42]} Qc7 {[%emt 0:01:05]} 14. Bd2 {[%emt 0:07:55]} Qxe5+ {[%emt 0:01:13]} 15. Kf1 {[%emt 0:00:14]} Rd8 {[%emt 0:04:16]} 16. Re1 {[%emt 0:01:10]} Qc7 {[%emt 0:01:01]} 17. Bh7+ {[%emt 0:01:41]} Kf8 {[%emt 0:00:22]} 18. Nxf7 {[%emt 0:00:15]} Qc6 {[%emt 0:06:34]} 19. Qg6 {[%emt 0:01:37]} Qxg2+ {[%emt 0:01:43]} 20. Qxg2 {[%emt 0:00:02]} Bxg2+ {[%emt 0:00:02]} 21. Kxg2 {[%emt 0:00:01]} Kxf7 {[%emt 0:00:01]} 22. Be4 {[%emt 0:00:12]} dxc3 {[%emt 0:00:02]} 23. Bxc3 {[%emt 0:00:11]} Nc6 {[%emt 0:00:44]} 24. Bf3 {[%emt 0:03:47]} Rac8 {[%emt 0:00:50]} 25. Bh5+ {[%emt 0:00:01]} g6 {[%emt 0:00:21]} 26. Bg4 {[%emt 0:00:07]} Rd6 {[%emt 0:00:12]} 27. Rh3 {[%emt 0:00:06]} Rf8 {[%emt 0:01:11]} 28. h5 {[%emt 0:00:09]} e5 {[%emt 0:00:26]} 29. hxg6+ {[%emt 0:00:46]} Rxg6 {[%emt 0:00:03]} 30. f3 {[%emt 0:00:05]} Bxa3 {[%emt 0:00:15]} 31. Kh1 {[%emt 0:00:18]} Kg7 {[%emt 0:00:26]} 32. Bh5 {[%emt 0:00:03]} Rg5 {[%emt 0:00:04]} 33. Bd2 {[%emt 0:00:17]} Rxh5 {[%emt 0:01:11]} 34. Rxh5 {[%emt 0:00:02]} Rxf3 {[%emt 0:00:04]} 35. Rg1+ {[%emt 0:00:08]} Kf7 {[%emt 0:00:03]} 36. Rxh6 {[%emt 0:00:08]} Rf6 {[%emt 0:00:18]} 37. Rh7+ {[%emt 0:00:22]} Ke6 {[%emt 0:00:02]} 38. Bg5 {[%emt 0:00:24]} Rg6 {[%emt 0:00:06]} 39. Rc7 {[%emt 0:00:18]} Nd4 {[%emt 0:00:05]} 40. Rxa7 {[%emt 0:00:17]} Nf3 {[%emt 0:00:34]} 41. Rg3 {[%emt 0:00:16]} Rxg5 {[%emt 0:00:02]} 42. Rxf3 {[%emt 0:00:01]} Bc5 {[%emt 0:00:01]} 43. Kh2 {[%emt 0:00:06]} e4 {[%emt 0:00:03]} 44. Rh3 {[%emt 0:00:13]} e3 {[%emt 0:00:10]} 45. Ra2 {[%emt 0:00:20]} Ke5 {[%emt 0:00:09]} 46. Rh4 {[%emt 0:00:05]} b5 {[%emt 0:00:16]} 47. Rc2 {[%emt 0:00:11]} Bd4 {[%emt 0:00:10]} 48. Rc8 {[%emt 0:00:07]} Bb6 {[%emt 0:00:59]} 49. Rb8 {[%emt 0:00:16]} Bc7 {[%emt 0:00:55]} 50. Rb7 {[%emt 0:00:02]} Bd6 {[%emt 0:00:17]} 51. Rh8 {[%emt 0:00:22]} e2 {[%emt 0:00:19]} 52. Re8+ {[%emt 0:00:02]} Kd4+ {[%emt 0:00:02]} 53. Kh3 {[%emt 0:00:13]} Re5 {[%emt 0:00:01]} 0-1

[Event "FIDE WCC 2018"]
[Site "Khanty-Mansiysk"]
[Date "2018.11.11"]
[Round "3.4"]
[White "Stefanova, Antoaneta"]
[Black "Muzychuk, Anna"]
[Result "0-1"]
[WhiteElo "2490"]
[BlackElo "2564"]
[Annotator "ChessBase"]
[PlyCount "56"]
[EventDate "2018.11.03"]
[EventType "k.o."]
[EventCountry "RUS"]
[SourceTitle "playchess.com"]
[Source "ChessBase"]
[SourceQuality "1"]
[TimeControl "1500+10"]

1. d4 {[%emt 0:00:00]} d5 {[%emt 0:00:00]} 2. Bf4 {[%emt 0:00:09]} Nf6 {[%emt 0:00:00]} 3. e3 {[%emt 0:00:16]} Bf5 {[%emt 0:00:01]} 4. c4 {[%emt 0:03:02]} e6 {[%emt 0:00:30]} 5. Nc3 {[%emt 0:07:05]} Bb4 {[%emt 0:00:48]} 6. Qb3 {[%emt 0:00:45]} Nc6 {[%emt 0:00:19]} 7. a3 {[%emt 0:00:33]} Bxc3+ {[%emt 0:00:15]} 8. bxc3 {[%emt 0:01:21]} Na5 {[%emt 0:00:35]} 9. Qa4+ {[%emt 0:01:04]} c6 {[%emt 0:00:01]} 10. c5 {[%emt 0:00:04]} b5 {[%emt 0:04:30]} 11. Qd1 {[%emt 0:03:47]} Ne4 {[%emt 0:02:28]} 12. Rc1 {[%emt 0:02:49]} g5 {[%emt 0:00:45]} 13. Bg3 {[%emt 0:00:41]} h5 {[%emt 0:06:28]} 14. f3 {[%emt 0:00:55]} Nxg3 {[%emt 0:00:02]} 15. hxg3 {[%emt 0:00:01]} Nc4 {[%emt 0:00:25]} 16. Bxc4 {[%emt 0:00:38]} bxc4 {[%emt 0:00:03]} 17. g4 {[%emt 0:00:14]} Bd3 {[%emt 0:01:40]} 18. gxh5 {[%emt 0:00:45]} Rb8 {[%emt 0:00:18]} 19. Qd2 {[%emt 0:01:10]} Qa5 {[%emt 0:00:29]} 20. e4 {[%emt 0:00:30]} f6 {[%emt 0:05:03]} 21. e5 {[%emt 0:00:19]} Qxa3 {[%emt 0:00:10]} 22. exf6 {[%emt 0:00:03]} Rb2 {[%emt 0:00:10]} 23. Qxg5 {[%emt 0:00:51]} Rxg2 {[%emt 0:00:08]} 24. f7+ {[%emt 0:00:47]} Kxf7 {[%emt 0:01:13]} 25. Qf4+ {[%emt 0:00:01]} Kg8 {[%emt 0:00:39]} 26. h6 {[%emt 0:00:30]} Qb2 {[%emt 0:00:37]} 27. Qe3 {[%emt 0:00:03]} Kh7 {[%emt 0:00:22]} 28. Qf4 {[%emt 0:00:12]} Qf2+ {[%emt 0:00:09]} 0-1

[Event "FIDE WCC 2018"]
[Site "Khanty-Mansiysk"]
[Date "2018.11.11"]
[Round "3.4"]
[White "Lei, Tingjie"]
[Black "Galliamova, Alisa"]
[Result "1-0"]
[WhiteElo "2457"]
[BlackElo "2432"]
[Annotator "ChessBase"]
[PlyCount "65"]
[EventDate "2018.11.03"]
[EventType "k.o."]
[EventCountry "RUS"]
[SourceTitle "playchess.com"]
[Source "ChessBase"]
[SourceQuality "1"]
[TimeControl "1500+10"]

1. d4 {[%emt 0:00:00]} Nf6 {[%emt 0:00:00]} 2. c4 {[%emt 0:00:00]} b6 {[%emt 0:00:00]} 3. Nc3 {[%emt 0:00:00]} Bb7 {[%emt 0:00:00]} 4. f3 {[%emt 0:00:00]} e6 {[%emt 0:02:19]} 5. e4 {[%emt 0:00:04]} Be7 {[%emt 0:01:00]} 6. e5 {[%emt 0:01:55]} Ng8 {[%emt 0:00:01]} 7. Be3 {[%emt 0:00:03]} Bh4+ {[%emt 0:00:38]} 8. g3 {[%emt 0:00:50]} Bg5 {[%emt 0:00:04]} 9. Qd2 {[%emt 0:00:00]} Bxe3 {[%emt 0:00:06]} 10. Qxe3 {[%emt 0:00:01]} Ne7 {[%emt 0:00:03]} 11. Bd3 {[%emt 0:00:06]} O-O {[%emt 0:00:22]} 12. Nge2 {[%emt 0:00:27]} d5 {[%emt 0:02:10]} 13. b3 {[%emt 0:02:37]} c5 {[%emt 0:01:28]} 14. Rd1 {[%emt 0:00:32]} Nbc6 {[%emt 0:00:33]} 15. cxd5 {[%emt 0:01:43]} exd5 {[%emt 0:01:44]} 16. O-O {[%emt 0:00:11]} a6 {[%emt 0:04:50]} 17. f4 {[%emt 0:01:25]} Rc8 {[%emt 0:00:34]} 18. Bb1 {[%emt 0:01:29]} Qd7 {[%emt 0:02:51]} 19. dxc5 {[%emt 0:02:44]} bxc5 {[%emt 0:04:24]} 20. Na4 {[%emt 0:01:30]} d4 {[%emt 0:01:45]} 21. Nxc5 {[%emt 0:03:25]} Qh3 {[%emt 0:00:05]} 22. Qf2 {[%emt 0:00:07]} Ba8 {[%emt 0:00:13]} 23. Ne4 {[%emt 0:01:06]} h6 {[%emt 0:00:36]} 24. Qf3 {[%emt 0:00:26]} Rfd8 {[%emt 0:01:18]} 25. g4 {[%emt 0:01:44]} Qxf3 {[%emt 0:00:22]} 26. Rxf3 {[%emt 0:00:02]} f5 {[%emt 0:00:46]} 27. gxf5 {[%emt 0:01:34]} Nxf5 {[%emt 0:00:23]} 28. Nf6+ {[%emt 0:00:03]} gxf6 {[%emt 0:00:07]} 29. Bxf5 {[%emt 0:00:02]} Rb8 {[%emt 0:00:19]} 30. Rg3+ {[%emt 0:01:24]} Kf8 {[%emt 0:00:02]} 31. exf6 {[%emt 0:00:16]} Kf7 {[%emt 0:00:16]} 32. Be4 {[%emt 0:00:24]} Rg8 {[%emt 0:00:49]} 33. Bd5+ {[%emt 0:00:03] Rh8} 1-0

[Event "FIDE WCC 2018"]
[Site "Khanty-Mansiysk"]
[Date "2018.11.11"]
[Round "3.4"]
[White "Zawadzka, Jolanta"]
[Black "Abdumalik, Zhansaya"]
[Result "1/2-1/2"]
[WhiteElo "2407"]
[BlackElo "2473"]
[Annotator "ChessBase"]
[PlyCount "109"]
[EventDate "2018.11.03"]
[EventType "k.o."]
[EventCountry "RUS"]
[SourceTitle "playchess.com"]
[Source "ChessBase"]
[SourceQuality "1"]
[TimeControl "1500+10"]

1. e4 {[%emt 0:00:00]} e5 {[%emt 0:00:00]} 2. Nf3 {[%emt 0:00:00]} Nc6 {[%emt 0:00:00]} 3. d4 {[%emt 0:00:00]} exd4 {[%emt 0:00:00]} 4. Nxd4 {[%emt 0:00:00]} Nf6 {[%emt 0:00:01]} 5. Nxc6 {[%emt 0:00:02]} bxc6 {[%emt 0:00:01]} 6. Bd3 {[%emt 0:00:02]} g6 {[%emt 0:02:05]} 7. e5 {[%emt 0:01:00]} Nd5 {[%emt 0:00:35]} 8. O-O {[%emt 0:00:25]} Bg7 {[%emt 0:00:11]} 9. Re1 {[%emt 0:00:56]} O-O {[%emt 0:00:21]} 10. c4 {[%emt 0:03:35]} Nb6 {[%emt 0:00:11]} 11. Nc3 {[%emt 0:00:28]} d6 {[%emt 0:01:25]} 12. exd6 {[%emt 0:00:18]} cxd6 {[%emt 0:00:03]} 13. Bf4 {[%emt 0:00:34]} Be6 {[%emt 0:00:38]} 14. Qb3 {[%emt 0:05:21]} d5 {[%emt 0:02:10]} 15. c5 {[%emt 0:03:34]} d4 {[%emt 0:01:31]} 16. Rxe6 {[%emt 0:00:32]} fxe6 {[%emt 0:00:10]} 17. cxb6 {[%emt 0:01:10]} Rxf4 {[%emt 0:02:09]} 18. b7 {[%emt 0:00:01]} Rb8 {[%emt 0:00:19]} 19. Na4 {[%emt 0:00:06]} Rf7 {[%emt 0:02:28]} 20. Ba6 {[%emt 0:01:30]} Qa5 {[%emt 0:01:42]} 21. Qc4 {[%emt 0:00:49]} Qd5 {[%emt 0:00:04]} 22. Qd3 {[%emt 0:00:41]} Rbxb7 {[%emt 0:00:56]} 23. Bxb7 {[%emt 0:00:12]} Rxb7 {[%emt 0:00:01]} 24. b3 {[%emt 0:00:21]} Rf7 {[%emt 0:00:46]} 25. Re1 {[%emt 0:01:23]} e5 {[%emt 0:00:33]} 26. Nb2 {[%emt 0:00:19]} Qa5 {[%emt 0:00:48]} 27. Ra1 {[%emt 0:01:25]} Qd5 {[%emt 0:00:01]} 28. f3 {[%emt 0:00:12]} g5 {[%emt 0:03:31]} 29. h3 {[%emt 0:00:27]} Qe6 {[%emt 0:00:11]} 30. Re1 {[%emt 0:00:17]} Qf5 {[%emt 0:01:02]} 31. Qc4 {[%emt 0:00:12]} h5 {[%emt 0:00:56]} 32. Nd3 {[%emt 0:01:31]} g4 {[%emt 0:01:40]} 33. hxg4 {[%emt 0:00:09]} hxg4 {[%emt 0:00:01]} 34. fxg4 {[%emt 0:00:02]} Qg6 {[%emt 0:01:36]} 35. Nxe5 {[%emt 0:02:38]} Bxe5 {[%emt 0:00:15]} 36. Rxe5 {[%emt 0:00:01]} Qxg4 {[%emt 0:00:09]} 37. Re1 {[%emt 0:00:04]} Qf4 {[%emt 0:00:57]} 38. Qe2 {[%emt 0:00:49]} c5 {[%emt 0:00:28]} 39. Rd1 {[%emt 0:00:02]} Qg5 {[%emt 0:00:45]} 40. Rd3 {[%emt 0:00:08]} Qc1+ {[%emt 0:00:08]} 41. Kh2 {[%emt 0:00:05]} Rh7+ {[%emt 0:00:03]} 42. Rh3 {[%emt 0:00:13]} Qf4+ {[%emt 0:00:16]} 43. Kg1 {[%emt 0:00:07]} Rxh3 {[%emt 0:00:33]} 44. Qe6+ {[%emt 0:00:02]} Kg7 {[%emt 0:00:09]} 45. gxh3 {[%emt 0:00:01]} Qg3+ {[%emt 0:00:04]} 46. Kf1 {[%emt 0:00:02]} Qf3+ {[%emt 0:00:03]} 47. Ke1 {[%emt 0:00:02]} Qc3+ {[%emt 0:00:06]} 48. Kf2 {[%emt 0:00:05]} Qd2+ {[%emt 0:00:13]} 49. Kf3 {[%emt 0:00:05]} Qd1+ {[%emt 0:00:07]} 50. Kf4 {[%emt 0:00:28]} Qf1+ {[%emt 0:00:08]} 51. Kg5 {[%emt 0:00:22]} Qg2+ {[%emt 0:00:30]} 52. Kh4 {[%emt 0:00:25]} Qf2+ {[%emt 0:00:02]} 53. Kg4 {[%emt 0:00:11]} Qg2+ {[%emt 0:00:03]} 54. Kh4 {[%emt 0:00:08]} Qf2+ {[%emt 0:00:01]} 55. Kg4 {[%emt 0:00:02]} 1/2-1/2

[Event "FIDE WCC 2018"]
[Site "Khanty-Mansiysk"]
[Date "2018.11.11"]
[Round "3.5"]
[White "Lagno, Kateryna"]
[Black "Pogonina, Natalija"]
[Result "1/2-1/2"]
[WhiteElo "2556"]
[BlackElo "2465"]
[Annotator "TA"]
[PlyCount "156"]
[EventDate "2018.11.03"]
[EventType "k.o."]
[EventCountry "RUS"]
[SourceTitle "playchess.com"]
[Source "ChessBase"]
[SourceQuality "1"]

{[%evp 25,156,20,22,17,17,0,14,10,12,8,9,-11,0,-3,10,-189,-189,-191,-185,-240,-160,-176,-119,-258,-145,-258,-251,-261,-253,-255,-209,-222,-124,-134,-100,-171,-187,-144,-158,-170,-143,-175,-107,-114,-60,-80,-84,-84,-66,-113,0,-86,0,0,0,-37,-22,-27,-73,-103,0,0,0,0,0,-10,-20,-34,-13,-11,286,15,14,19,368,364,329,317,283,8,8,0,0,-25,64,-31,-32,-37,-26,-26,-26,-51,-51,-52,0,0,0,-52,-20,-84,0,0,0,-18,0,0,5413,0,0,0,0,0,0,0,0,0,0,0,0,0,0,0,0,0,0,0,0,0,0,0,0,0,0]} 1. e4 e5 2. Nf3 Nc6 3. Bb5 {[%cal Bf1b5,Bb5a4,Ba4b3][%mdl 32]} a6 4. Ba4 Nf6 5. O-O Be7 6. Re1 b5 7. Bb3 d6 8. c3 O-O 9. h3 Nb8 10. d4 Nbd7 11. Nbd2 c5 12. Nf1 {C95: Closed Ruy Lopez: Breyer Variation with 10 d4} Re8 13. Ng3 Bf8 {LiveBook: 36 Games} 14. Be3 (14. Bc2 cxd4 15. cxd4 exd4 16. Bf4 Bb7 17. Nxd4 g6 18. Qd2 Nc5 19. Bg5 Bg7 {½-½ (37) Karjakin,S (2760)-Kovalev,V (2664) Batumi 2018}) 14... Qc7 $146 ({Predecessor:} 14... exd4 15. cxd4 Bb7 16. Bf4 g6 17. Qd2 Rc8 18. Rac1 a5 19. d5 a4 20. Bc2 Ra8 21. Rcd1 Qa5 22. Qc1 a3 23. b3 Qc3 24. Bb1 {½-½ (24) Steinke,R (2213)-Szabo,M (2207) LSS email 2013}) 15. Qe2 exd4 16. cxd4 Bb7 17. Nd2 g6 18. Rac1 Bg7 19. a4 Qb6 ({Reject} 19... Nxe4 $6 20. Ngxe4 bxa4 21. Bc2 $16 (21. Bxa4 Bxe4 22. dxc5 Bf5 $16) (21. dxc5 axb3 22. Nxd6 Re6 $16)) 20. e5 $2 (20. dxc5 $11 dxc5 21. Red1) 20... cxd4 $19 21. a5 Qxa5 22. e6 (22. exf6 $142 dxe3 23. Nde4 Nxf6 24. Nxd6) 22... fxe6 ({Weaker is} 22... dxe3 23. exf7+ Kh8 24. fxe8=R+ Rxe8 25. fxe3 $17) 23. Bxd4 Bd5 (23... d5 $1 $19 24. Nf3 e5 $1 {[%mdl 512]} 25. Nxe5 Nxe5 26. Bxe5 Nd7) 24. h4 (24. Qd1 $17 {is a better defense.}) 24... e5 (24... Qb4 $19 25. Bxd5 exd5) 25. Be3 (25. Bc3 $17 Qb6 26. Bxd5+ Nxd5 27. Nde4) 25... Bxb3 $1 26. Nxb3 Qb4 27. Qd1 d5 28. h5 d4 ({Better is} 28... Rac8 $19 29. Ra1 Rc6 30. hxg6 hxg6) 29. Bd2 $17 Qd6 30. Qf3 (30. hxg6 $17 {was called for.} hxg6 31. Qc2) 30... Rac8 $19 31. hxg6 hxg6 32. Qd3 Rxc1 33. Bxc1 Nf8 (33... Kh7 $1 $19 34. Bg5 Qd5 35. Bxf6 Nxf6) 34. Bg5 $17 Rc8 ({Black should try} 34... N6h7 $17 35. Ne4 Qd5) 35. Bxf6 $1 $15 Qxf6 36. Ne4 Qb6 37. Ng5 Qf6 38. Ne4 Qf5 (38... Qe6 $17 {Threatens to win with ...Nd7.} 39. Nbc5 Qc4) 39. Nbc5 $11 {Hoping for Qb3+.} Rc6 40. b4 Qf7 {next ...Ne6 is good for Black.} 41. Ng5 Qd5 42. Ra1 {[#]} Rf6 (42... Nh7 $1 $17 {[%cal Rh7g5]} 43. Nxh7 Kxh7) 43. Nge4 Rc6 44. Qf3 Qf7 {Black wants to play ...Qxf3.} 45. Qh3 Ne6 46. Nxa6 Nf4 47. Qf3 Qd5 $2 {[%mdl 8192]} (47... Rc2 $11) 48. g3 $2 {[#]} (48. Nac5 $18) 48... Rc3 $1 {[%cal Rc3f3][%mdl 512]} 49. Qh1 $36 {[%mdl 2048] Black is under pressure.} (49. Nxc3 Qxf3) 49... Qc6 $2 {[%mdl 8192]} (49... Ne2+ $11 {and Black has nothing to worry.} 50. Kh2 Qf7) 50. gxf4 $18 Rc1+ 51. Rxc1 Qxc1+ 52. Kh2 $2 ({Only move:} 52. Kg2 $18 Qc8 53. Qh4 Qxa6 54. Qd8+ Kh7 55. Ng5+ Kh6 56. Qg8) 52... Qxf4+ $11 53. Kg1 d3 $1 54. Kf1 Qc1+ 55. Kg2 d2 56. Nxd2 $1 Qxd2 57. Qh3 Qd5+ 58. Kg1 Bf8 59. Qc8 Qd1+ (59... Kf7 $15) 60. Kg2 Qd5+ (60... Qd6 $11) 61. Kg1 $1 $15 e4 62. Nc5 {[#]} (62. Nc7 $1 $11 {remains equal.} Qg5+ 63. Kh2) 62... Qg5+ (62... Kf7 $1 $17 {And now ...Be7 would win.} 63. Qc7+ Be7 64. Qf4+ Qf5) 63. Kf1 $11 Qf5 64. Ne6 e3 {[%csl Ge3][%cal Rf5f2]} 65. f4 g5 $2 {[%mdl 8192]} (65... Qd3+ $11 66. Kg2 Qe2+ 67. Kh3 Qf1+ 68. Kh4 Qe1+ 69. Kg4 Qxb4) 66. Ke2 $2 (66. Qxf8+ $18 Qxf8 67. Nxf8 gxf4 68. Ng6) 66... gxf4 {...f3+ is the strong threat.The position is equal.} 67. Kf3 $1 Qf7 68. Nxf8 Qxf8 {[%mdl 4096] Endgame KQ-KQ} 69. Qg4+ Qg7 {( -> ...Qxg4+)} 70. Qxf4 Qc3 71. Qg5+ Kf7 72. Qxb5 Ke6 73. Qb6+ Kd5 74. b5 Qc5 75. Qd8+ Kc4 76. b6 {Qc7 would kill now.} Kb5 77. Qd3+ Kxb6 78. Qxe3 Qxe3+ {Precision: White = 45%, Black = 44%.} 1/2-1/2